000
002850000a22001090004500
100
1
_a
Escandón, Rafael
245
1
0
_a
La música y el cristiano
300
_a
Vol.43, núm.182 (1988), Páginas 8-9
650
1
4
_a
MÚSICA-CRISTIANISMO
773
0
_t
La Biblia en las Américas
942
_c
ANA
999
_c
62854
_d
62854